Loading...
| Science - Biology | 0 | 4 | 0 | 1 | 40 | 104 | 111.25 | 0 | 1 | 0.00 | 0.00 |
| Literature - British | 0 | 4 | 0 | 0 | 40 | 29 | 102.00 | 2 | 3 | 0.00 | 0.00 |
| Social Science | 0 | 3 | 0 | 0 | 30 | 106 | 111.67 | 0 | 0 | 0.00 | 0.00 |
| Fine Arts - Painting and Sculpture | 0 | 3 | 0 | 0 | 30 | 83 | 98.00 | 0 | 2 | 0.00 | 0.00 |
| Literature - World | 0 | 3 | 0 | 0 | 30 | 77 | 104.00 | 2 | 2 | 0.00 | 0.00 |
| Philosophy | 0 | 3 | 0 | 0 | 30 | 93 | 116.00 | 0 | 2 | 0.00 | 0.00 |
| Science - Chemistry | 0 | 4 | 2 | 0 | 30 | 89 | 103.50 | 0 | 1 | 0.00 | 0.00 |
| Science - Other | 0 | 3 | 1 | 0 | 25 | 83 | 111.67 | 0 | 2 | 0.00 | 0.00 |
| Science - Physics | 0 | 3 | 2 | 1 | 20 | 104 | 121.00 | 0 | 2 | 0.00 | 0.00 |
| Fine Arts - Other | 0 | 2 | 0 | 0 | 20 | 105 | 117.00 | 0 | 1 | 0.00 | 0.00 |
| Literature - European | 0 | 2 | 0 | 1 | 20 | 98 | 119.00 | 0 | 1 | 0.00 | 0.00 |
| Fine Arts - Classical Music | 0 | 2 | 3 | 0 | 5 | 88 | 101.00 | 0 | 1 | 0.00 | 0.00 |
| Literature - American | 0 | 0 | 1 | 0 | -5 | 0.00 | 0 | 0 | 0.00 | 0.00 |